Central Library and Information Centre
Sibsagar Girls' College, Sivasagar : Assam

FUNDAMENTALS OF FOODS, NUTRITION AND DIET THERAPY (Record no. 20683)

MARC details
000 -LEADER
fixed length control field 00584cam a2200205ua 4500
008 - FIXED-LENGTH DATA ELEMENTS--GENERAL INFORMATION
fixed length control field 160112n II |||gr||||Z||||||eng
040 ## - CATALOGING SOURCE
Original cataloging agency MAIN
041 ## - LANGUAGE CODE
-- English
082 ## - DEWEY DECIMAL CLASSIFICATION NUMBER
Classification number 641.1 MUD
100 ## - MAIN ENTRY--PERSONAL NAME
Personal name MUDAMBI, SUMATI R.
245 ## - TITLE STATEMENT
Title FUNDAMENTALS OF FOODS, NUTRITION AND DIET THERAPY
250 ## - EDITION STATEMENT
Edition statement REP.
260 ## - PUBLICATION, DISTRIBUTION, ETC.
Place of publication, distribution, etc. NEW DELHI
Name of publisher, distributor, etc. NEW AGE INTERNATIONAL LTD.
Date of publication, distribution, etc. 2009.
300 ## - PHYSICAL DESCRIPTION
Extent 412:
Dimensions 26CM.
500 ## - GENERAL NOTE
General note MRP - MINOR RESEARCH PROJECT BOOK by Prof Nazrin Ahmed, Home Science,SGC 30-01-2015
700 ## - ADDED ENTRY--PERSONAL NAME
Personal name RAJAGOPAL, M.V.
942 ## - ADDED ENTRY ELEMENTS (KOHA)
Koha item type Books
653 ## - INDEX TERM--UNCONTROLLED
Uncontrolled term Nutrition
Holdings
Withdrawn status Lost status Damaged status Not for loan Collection code Home library Current library Shelving location Date acquired Full call number Barcode Date last seen Copy number Price effective from Koha item type Public note
        REFHMSC Central Library and Information Centre Sibsagar Girls College Central Library and Information Centre Sibsagar Girls College MRP Almirah 30.01.2015 641.1 MUD 31694 27.02.2020 1 27.02.2020 Books V


Sibsagar Girl's College © 2020. All rights reserved.
Powered by Koha.
Maintained by Abhijit Borpuzari.